000 01086nam a2200277 i 4500
001 93494
003 ES-MaACL
005 20250624062908.0
007 t|
008 050531s1964 sp ||||1| spa d
080 _a730 Serra, Eudaldo (083.82)
100 1 _aSerra, Eudald.
_9105606
245 1 0 _aE. Serra
_b: [exposición, Sala de Santa Catalina del Ateneo de Madrid, febrero de 1964] /
_c[Texto: Joan Teixidor].
260 _a[Madrid] :
_bPublicaciones Españolas,
_c[1964]
300 _a[16] p. :
_bprincipalmente il. n. ;
_c28 cm.
490 1 _aCuadernos de arte. Colección ordinaria ;
_v145
600 1 4 _aSerra, Eudald-
_vExposiciones.
_9105607
610 2 7 _aAteneo de Madrid-
_vExposiciones-
_y1960-1969.
_91920
655 7 _2tgfbne
_9193628
_aCatálogos de exposiciones
700 1 _aTeixidor, Joan (
_d1913-1992)
_9109541
710 2 _aAteneo de Madrid.
_bSala de Santa Catalina.
_91964
830 0 _aCuadernos de arte. Colección ordinaria
_v145
_9180064
852 _aES-MaACL
_j2194-F-18
_996952
_bR.136128
_cDEPOF
942 _2udc
_cMONOGRAFIA
999 _c93494
_d93494